[Event "Cesenatico Open 2019"]
[Site "Cesenatico"]
[Date "2019.09.04"]
[Round "4"]
[White "Di Benedetto, Edoardo"]
[Black "Dragojlovic, Andjelko"]
[Result "1/2-1/2"]
[WhiteElo "2405"]
[BlackElo "2293"]
[Annotator "ChessBase"]
[PlyCount "22"]
[EventDate "2019.09.01"]
[EventType "swiss"]
[EventCountry "ITA"]
[SourceTitle "playchess.com"]
[Source "ChessBase"]
[SourceQuality "1"]
[TimeControl "40/6000:900"]

1. d4 {[%emt 0:00:00]} g6 {[%emt 0:08:00]} 2. c4 {[%emt 0:00:00]} Bg7 {[%emt 0:00:00]} 3. g3 {[%emt 0:00:00]} c5 {[%emt 0:04:00]} 4. Nf3 {[%emt 0:01:00]} cxd4 5. Nxd4 {[%emt 0:00:00]} Nc6 {[%emt 0:01:00]} 6. Nb3 d6 {[%emt 0:00:00]} 7. Bg2 {[%emt 0:00:00]} Nf6 {[%emt 0:02:00]} 8. Nc3 {[%emt 0:15:00]} O-O {[%emt 0:01:00]} 9. O-O {[%emt 0:00:00]} a5 {[%emt 0:05:00]} 10. Nd4 {[%emt 0:00:00]} Nxd4 {[%emt 0:02:00]} 11. Qxd4 {[%emt 0:00:00]} Be6 {[%emt 0:00:00]} 1/2-1/2

[Event "Cesenatico Open 2019"]
[Site "Cesenatico"]
[Date "2019.09.04"]
[Round "4"]
[White "Genocchio, Daniele"]
[Black "Lalic, Bogdan"]
[Result "1/2-1/2"]
[WhiteElo "2354"]
[BlackElo "2418"]
[Annotator "TA"]
[PlyCount "36"]
[EventDate "2019.09.01"]
[EventType "swiss"]
[EventCountry "ITA"]
[SourceTitle "playchess.com"]
[Source "ChessBase"]
[SourceQuality "1"]

{[%evp 22,36,8,0,67,53,65,22,14,6,2,12,34,33,866,5,1495]} 1. e4 c5 2. Nf3 d6 3. d4 cxd4 4. Nxd4 Nf6 5. Nc3 a6 6. Be2 e5 7. Nb3 Be7 8. O-O O-O 9. Be3 Be6 10. a4 Nbd7 11. a5 Rc8 12. f3 Nc5 {B92: Sicilian Najdorf: 6 Be2} ({Better is} 12... Qc7 $11) (12... Qc7 13. Qd2 Rfd8 14. Rfd1 d5 15. exd5 Nxd5 16. Nxd5 Bxd5 17. Qxd5 Nf6 18. Qc4 Rxd1+ 19. Rxd1 Qxc4 20. Bxc4 Rxc4 21. c3 Kf8 {½-½ (21) Smeets,J (2632)-Nielsen,P (2680) Amsterdam 2009}) 13. Nxc5 $14 dxc5 14. Qe1 c4 15. Qf2 Nd7 16. Rfd1 Qc7 17. Nd5 $146 ({Predecessor:} 17. Na4 Bb4 18. Nb6 Nxb6 19. Bxb6 Bc5 20. Bxc7 Bxf2+ 21. Kxf2 Rxc7 {0-1 (54) Barczi,T (2108)-Pal,M (2069) Hungary 2015}) 17... Bc5 $2 {[%mdl 8192] [#]} (17... Bxd5 $14 18. exd5 (18. Rxd5 Bc5 $11) 18... Qd6) 18. Rf1 $2 (18. Nxc7 $18 Rxc7 19. Bxc5 Nxc5 20. Rd6) 18... Ra8 $2 {[%mdl 40960] Accuracy: White = 36%, Black = 15%. . An unexpected result.} (18... Bxd5 $11 19. Bxc5 (19. exd5 Bxe3 20. Qxe3 Nf6 $17) 19... Qxc5 20. Qxc5 Rxc5 21. exd5 c3) 1/2-1/2

[Event "Cesenatico Open 2019"]
[Site "Cesenatico"]
[Date "2019.09.04"]
[Round "4"]
[White "Friedrich, Norbert"]
[Black "Loiacono, Antonio"]
[Result "1/2-1/2"]
[WhiteElo "2306"]
[BlackElo "2282"]
[Annotator "TA"]
[PlyCount "74"]
[EventDate "2019.09.01"]
[EventType "swiss"]
[EventCountry "ITA"]
[SourceTitle "playchess.com"]
[Source "ChessBase"]
[SourceQuality "1"]

{[%evp 9,74,39,35,32,36,35,37,35,37,20,29,21,36,20,28,21,29,32,61,30,29,20,27,29,78,78,73,69,83,75,112,58,52,48,50,42,55,51,54,-7,-13,-16,-13,-7,-8,-41,-33,-39,-42,-38,-34,-38,-33,-35,-43,-35,-30,-60,-2,-2,0,-3,-4,-4,0,0,0]} 1. e4 e5 2. Nf3 Nc6 3. Bb5 g6 4. c3 a6 5. Ba4 Bg7 6. d4 {C70: Ruy Lopez: 3...a6 4 Ba4, Norwegian and Delayed Schliemann} exd4 7. cxd4 b5 8. Bc2 {White is slightly better.} d6 9. d5 Na5 10. O-O Ne7 11. Nc3 O-O 12. Re1 Bb7 13. Bd3 $146 ({Predecessor:} 13. Rb1 c6 14. dxc6 Naxc6 15. Bg5 h6 16. Bh4 {½-½ (33) Grigoriants,S (2594)-Malakhov,V (2702) St Petersburg 2015}) 13... c5 14. dxc6 Naxc6 15. Bg5 h6 16. Be3 Ne5 17. Nxe5 dxe5 18. Bc5 Rc8 19. b4 Qd7 20. Bc2 ({White should play} 20. a4 $16) 20... Rfd8 $14 21. Qxd7 Rxd7 22. Red1 Rdc7 23. Bb3 Bf8 24. Rd3 ({White should try} 24. Kf1 $14) 24... Nc6 $11 25. Bxf8 Kxf8 26. Nd5 Rd7 27. Rh3 {Black should prevent Nb6.} Rcd8 28. Rxh6 Kg7 $1 {[%cal Rg7h6]} 29. Rh3 Nd4 30. Kf1 Nxb3 31. Rxb3 Bxd5 32. exd5 Rxd5 $15 {KRR-KRR} 33. a4 Rd1+ (33... Rd2 $15) 34. Rxd1 $11 {The position is equal.} Rxd1+ 35. Ke2 Rd4 36. a5 $1 Kf6 37. Rc3 Ke6 {Accuracy: White = 64%, Black = 72%.} 1/2-1/2

[Event "Cesenatico Open 2019"]
[Site "Cesenatico"]
[Date "2019.09.04"]
[Round "4"]
[White "Loiacono, Leonardo"]
[Black "Dobboletta, Alex"]
[Result "0-1"]
[WhiteElo "2293"]
[BlackElo "2176"]
[Annotator "NA"]
[PlyCount "76"]
[EventDate "2019.09.01"]
[EventType "swiss"]
[EventCountry "ITA"]
[SourceTitle "playchess.com"]
[Source "ChessBase"]
[SourceQuality "1"]
[TimeControl "40/6000:900"]

1. d4 {[%emt 0:00:00]} Nf6 {[%emt 0:10:00]} 2. c4 {[%emt 0:00:00]} e6 {[%emt 0:00:00]} 3. Nc3 {[%emt 0:00:00]} Bb4 {[%emt 0:00:00]} 4. Qc2 {[%emt 0:00:00]} O-O {[%emt 0:00:00]} 5. a3 {[%emt 0:00:00]} Bxc3+ {[%emt 0:00:00]} 6. Qxc3 {[%emt 0:10:00]} d5 {[%emt 0:00:00]} 7. Bg5 {[%emt 0:00:00]} c5 {[%emt 0:00:00]} 8. dxc5 d4 {[%emt 0:00:00]} 9. Qg3 {[%emt 0:00:00]} Nbd7 {[%emt 0:00:00]} 10. Qd6 {[%emt 0:09:00]} e5 {[%emt 0:13:00]} 11. Bxf6 {[%emt 0:03:00]} gxf6 12. e3 {[%emt 0:11:00]} Re8 {[%emt 0:06:00]} 13. O-O-O {[%emt 0:02:00]} Re6 {[%emt 0:06:00]} 14. Qd5 {[%emt 0:10:00]} dxe3 {[%emt 0:00:00]} 15. fxe3 {[%emt 0:00:00]} Qf8 {[%emt 0:01:00]} 16. Nh3 {[%emt 0:07:00]} Nxc5 {[%emt 0:15:00]} 17. Qd8 {[%emt 0:00:00]} Rc6 {[%emt 0:00:00]} 18. Qxf8+ {[%emt 0:01:00]} Kxf8 {[%emt 0:00:00]} 19. Rd8+ {[%emt 0:00:00]} Ke7 {[%emt 0:00:00]} 20. Rd1 Ne4 {[%emt 0:00:00]} 21. Rg1 {[%emt 0:01:00]} Be6 {[%emt 0:00:00]} 22. Kb1 {[%emt 0:01:00]} Bxc4 {[%emt 0:02:00]} 23. Bxc4 {[%emt 0:00:00]} Rxc4 24. Rgf1 {[%emt 0:00:00]} Rg8 {[%emt 0:26:00]} 25. g3 {[%emt 0:25:00]} h5 {[%emt 0:01:00]} 26. Nf2 {[%emt 0:00:00]} Nxf2 {[%emt 0:01:49]} 27. Rxf2 {[%emt 0:00:00]} h4 {[%emt 0:00:00]} 28. gxh4 {[%emt 0:00:00]} Rh8 29. Rg1 {[%emt 0:00:00]} Rhxh4 {[%emt 0:00:23]} 30. Rg8 Rc7 {[%emt 0:01:50]} 31. Rb8 {[%emt 0:00:00]} Ke6 {[%emt 0:00:00]} 32. Re8+ {[%emt 0:00:00]} Re7 {[%emt 0:00:02]} 33. Rd8 {[%emt 0:05:44]} f5 {[%emt 0:01:40]} 34. Rfd2 {[%emt 0:00:00]} f4 {[%emt 0:00:28]} 35. e4 {[%emt 0:00:00]} f5 {[%emt 0:00:00]} 36. R2d6+ {[%emt 0:00:00]} Kf7 37. exf5 {[%emt 0:00:00]} f3 {[%emt 0:00:40]} 38. f6 {[%emt 0:00:43]} Rc7 {[%emt 0:00:00]} 0-1

[Event "Cesenatico Open 2019"]
[Site "Cesenatico"]
[Date "2019.09.04"]
[Round "4"]
[White "Mrdja, Milan"]
[Black "Marzano, Carlo"]
[Result "1/2-1/2"]
[WhiteElo "2279"]
[BlackElo "2109"]
[Annotator "NA"]
[PlyCount "33"]
[EventDate "2019.09.01"]
[EventType "swiss"]
[EventCountry "ITA"]
[SourceTitle "playchess.com"]
[Source "ChessBase"]
[SourceQuality "1"]
[TimeControl "40/6000:900"]

1. e4 {[%emt 0:26:00]} e5 {[%emt 0:00:00]} 2. Nf3 {[%emt 0:00:00]} Nc6 {[%emt 0:25:00]} 3. Bb5 {[%emt 0:00:00]} a6 {[%emt 0:00:00]} 4. Ba4 {[%emt 0:00:00]} Nf6 5. O-O {[%emt 0:00:00]} b5 {[%emt 0:00:00]} 6. Bb3 {[%emt 0:00:00]} Bb7 {[%emt 0:00:00]} 7. Re1 {[%emt 0:00:00]} Bc5 {[%emt 0:00:00]} 8. c3 {[%emt 0:00:00]} d6 {[%emt 0:00:00]} 9. d4 {[%emt 0:01:00]} Bb6 {[%emt 0:00:00]} 10. a4 h6 {[%emt 0:00:00]} 11. Na3 {[%emt 0:04:00]} O-O {[%emt 0:00:00]} 12. Be3 {[%emt 0:16:00]} exd4 {[%emt 0:00:00]} 13. cxd4 {[%emt 0:06:00]} Na5 14. d5 {[%emt 0:00:00]} Bxe3 {[%emt 0:00:00]} 15. Rxe3 {[%emt 0:00:00]} Nxb3 {[%emt 0:00:00]} 16. Qxb3 {[%emt 0:03:00]} c6 {[%emt 0:00:00]} 17. dxc6 {[%emt 0:00:00]} 1/2-1/2

[Event "Cesenatico Open 2019"]
[Site "Cesenatico"]
[Date "2019.09.04"]
[Round "4"]
[White "Stromboli, Carlo"]
[Black "Djuric, Stefan"]
[Result "0-1"]
[WhiteElo "2270"]
[BlackElo "2358"]
[Annotator "TA"]
[PlyCount "62"]
[EventDate "2019.09.01"]
[EventType "swiss"]
[EventCountry "ITA"]
[SourceTitle "playchess.com"]
[Source "ChessBase"]
[SourceQuality "1"]

{[%evp 18,89,0,0,1,5,21,19,26,-9,-1,-17,-19,-13,-11,-20,-12,-31,-13,-12,-10,-31,-11,-22,-16,-21,-31,-44,-22,-34,-36,-77,-64,-91,-83,-91,-90,-92,-85,-88,-89,-89,-89,-113,-106,-132,-122,-221,-221,-222,-220,-247,-233,-238,-192,-372,-390,-561,-547,-602,-318,-306,-312,-349,-341,-341,-310,-293,-293,-341,-334,-396,-396,-732]} 1. e4 c5 2. Nf3 Nc6 3. c3 Nf6 4. e5 Nd5 5. d4 cxd4 6. cxd4 d6 7. Bc4 e6 8. exd6 Qxd6 9. O-O Be7 10. Nc3 O-O {B22: Sicilian: 2 c3} 11. Re1 a6 (11... Rd8 12. a3 a6 13. Be3 Nxe3 14. fxe3 b6 15. Rc1 Bb7 16. Ba2 Rac8 17. Ne4 Qd7 18. Nfg5 Bxg5 19. Nxg5 {½-½ (34) Jones,G (2640)-Svidler,P (2768) Wijk aan Zee 2018}) 12. Ne4 Qd8 {The position is equal.} 13. Ne5 Qc7 $146 ({Predecessor:} 13... Bd7 14. Bxd5 exd5 15. Nc5 Nxe5 16. Rxe5 Bc6 17. Qg4 Re8 18. Bh6 {½-½ (26) Plenkovic,B (2088)-Seric,A (2053) Rabac 2003}) 14. Nxc6 Qxc6 15. Bb3 b6 16. Qh5 $1 Bb7 17. Bg5 Bb4 18. Rac1 Qd7 (18... Bxe1 $2 19. Rxc6 Bxc6 20. Bxd5 $18) 19. Nc3 Rac8 {[%cal Rd5c3]} 20. Bd2 ({Of course not} 20. Bc2 g6 $17) 20... Nf6 21. Qh4 Rfd8 22. Be3 Nd5 {[%cal Rd5c3]} 23. Bd2 Be7 24. Qh3 b5 25. Ne4 Rxc1 26. Rxc1 {[#]} Nf6 $1 {[%cal Rf6e4]} 27. Nxf6+ Bxf6 28. Ba5 Rc8 ({Much weaker is} 28... Bxd4 $6 29. Rd1 $11) 29. Rd1 Bd5 30. Qd3 Bxb3 31. axb3 {[#]} Bxd4 {Played: Qd7xd4} 0-1

[Event "Cesenatico Open 2019"]
[Site "Cesenatico"]
[Date "2019.09.04"]
[Round "4"]
[White "Damia, Angelo"]
[Black "Miotto, Alberto"]
[Result "1-0"]
[WhiteElo "2240"]
[BlackElo "1950"]
[Annotator "NA"]
[PlyCount "93"]
[EventDate "2019.09.01"]
[EventType "swiss"]
[EventCountry "ITA"]
[SourceTitle "playchess.com"]
[Source "ChessBase"]
[SourceQuality "1"]
[TimeControl "40/6000:900"]

1. c3 {[%emt 0:10:00]} d5 {[%emt 0:00:00]} 2. Qc2 {[%emt 0:00:00]} c5 {[%emt 0:09:00]} 3. d3 {[%emt 0:00:00]} Nc6 {[%emt 0:00:00]} 4. Nf3 {[%emt 0:00:00]} e6 5. e4 {[%emt 0:00:00]} Bd6 {[%emt 0:00:00]} 6. Bg5 {[%emt 0:00:00]} Nge7 {[%emt 0:00:00]} 7. Bh4 {[%emt 0:00:00]} d4 {[%emt 0:00:00]} 8. Nbd2 {[%emt 0:00:00]} e5 {[%emt 0:00:00]} 9. Be2 {[%emt 0:03:00]} h6 {[%emt 0:08:00]} 10. Nc4 Bc7 {[%emt 0:05:00]} 11. Bg3 {[%emt 0:08:00]} Ng6 {[%emt 0:06:00]} 12. h4 {[%emt 0:01:00]} Qf6 {[%emt 0:02:00]} 13. a4 {[%emt 0:04:00]} Nf4 {[%emt 0:00:00]} 14. Bxf4 {[%emt 0:01:00]} Qxf4 {[%emt 0:03:00]} 15. a5 {[%emt 0:01:00]} O-O {[%emt 0:00:00]} 16. Qb3 {[%emt 0:03:00]} Rb8 {[%emt 0:07:00]} 17. Qb5 Bd7 {[%emt 0:08:00]} 18. Qxc5 {[%emt 0:05:00]} b5 {[%emt 0:01:00]} 19. axb6 {[%emt 0:13:00]} axb6 {[%emt 0:00:00]} 20. Qd5 {[%emt 0:02:00]} Rfd8 21. Ncd2 {[%emt 0:02:00]} b5 {[%emt 0:00:00]} 22. cxd4 {[%emt 0:08:00]} Be8 {[%emt 0:12:00]} 23. g3 {[%emt 0:00:00]} Qf6 {[%emt 0:00:00]} 24. Qb3 {[%emt 0:01:00]} Nxd4 {[%emt 0:01:00]} 25. Nxd4 {[%emt 0:00:00]} Rxd4 {[%emt 0:04:00]} 26. Qc3 {[%emt 0:04:00]} Bd6 {[%emt 0:00:00]} 27. O-O {[%emt 0:03:00]} Bb4 {[%emt 0:00:00]} 28. Qc7 {[%emt 0:00:00]} Bd6 {[%emt 0:00:00]} 29. Qc3 {[%emt 0:00:00]} Bb4 {[%emt 0:00:00]} 30. Qc7 {[%emt 0:01:00]} Bd6 {[%emt 0:00:00]} 31. Qc2 {[%emt 0:00:00]} Bd7 {[%emt 0:00:00]} 32. Rfc1 {[%emt 0:07:00]} Rc8 33. Qd1 {[%emt 0:00:00]} Rd8 {[%emt 0:05:00]} 34. Ra6 {[%emt 0:00:00]} Qe7 35. Nf3 {[%emt 0:03:03]} Rb4 {[%emt 0:00:00]} 36. Qc2 {[%emt 0:00:00]} Rc8 37. Qxc8+ {[%emt 0:10:05]} Bxc8 38. Rxc8+ {[%emt 0:00:00]} Kh7 {[%emt 0:02:00]} 39. Raa8 {[%emt 0:00:35]} Kg6 {[%emt 0:00:00]} 40. h5+ {[%emt 0:02:50]} Kf6 {[%emt 0:00:00]} 41. Rc6 Ra4 {[%emt 0:00:00]} 42. Rxa4 {[%emt 0:09:05]} bxa4 {[%emt 0:29:13]} 43. d4 {[%emt 0:00:00]} Ke6 {[%emt 0:00:00]} 44. dxe5 {[%emt 0:00:00]} Qb7 {[%emt 0:00:00]} 45. Rxd6+ {[%emt 0:00:00]} Ke7 46. Nd4 {[%emt 0:00:00]} f6 {[%emt 0:00:00]} 47. Nc6+ {[%emt 0:00:00]} 1-0

[Event "Cesenatico Open 2019"]
[Site "Cesenatico"]
[Date "2019.09.04"]
[Round "4"]
[White "Di Trapani, Davide"]
[Black "Carbone, Stefano"]
[Result "1/2-1/2"]
[WhiteElo "2181"]
[BlackElo "2138"]
[Annotator "NA"]
[PlyCount "127"]
[EventDate "2019.09.01"]
[EventType "swiss"]
[EventCountry "ITA"]
[SourceTitle "playchess.com"]
[Source "ChessBase"]
[SourceQuality "1"]
[TimeControl "40/6000:900"]

1. e4 {[%emt 0:00:00]} c6 {[%emt 0:00:00]} 2. d4 {[%emt 0:00:00]} d5 {[%emt 0:00:00]} 3. e5 {[%emt 0:00:00]} Bf5 {[%emt 0:00:00]} 4. h4 {[%emt 0:00:00]} Qb6 5. g4 {[%emt 0:19:00]} Bd7 {[%emt 0:00:00]} 6. Nc3 {[%emt 0:00:00]} h5 {[%emt 0:00:00]} 7. gxh5 {[%emt 0:07:00]} e6 {[%emt 0:05:00]} 8. Na4 {[%emt 0:00:00]} Qa5+ {[%emt 0:02:00]} 9. c3 {[%emt 0:06:00]} c5 {[%emt 0:12:00]} 10. Nxc5 {[%emt 0:01:00]} Bxc5 {[%emt 0:00:00]} 11. dxc5 {[%emt 0:00:00]} Qxc5 {[%emt 0:19:00]} 12. Qg4 {[%emt 0:05:00]} Qf8 {[%emt 0:00:00]} 13. Nf3 {[%emt 0:09:00]} Nh6 {[%emt 0:00:00]} 14. Bxh6 {[%emt 0:01:00]} Rxh6 {[%emt 0:00:00]} 15. Rg1 {[%emt 0:00:00]} Nc6 {[%emt 0:00:00]} 16. O-O-O {[%emt 0:16:00]} O-O-O {[%emt 0:00:00]} 17. Qxg7 {[%emt 0:00:00]} Rxh5 {[%emt 0:00:00]} 18. Qxf8 {[%emt 0:07:00]} Rxf8 19. Rg5 {[%emt 0:00:00]} Rh6 {[%emt 0:00:00]} 20. Be2 {[%emt 0:00:00]} Be8 {[%emt 0:12:00]} 21. Rh1 {[%emt 0:05:00]} f6 {[%emt 0:04:00]} 22. exf6 {[%emt 0:00:00]} Rhxf6 {[%emt 0:00:00]} 23. h5 {[%emt 0:00:00]} Rh6 {[%emt 0:00:00]} 24. Rh2 {[%emt 0:03:00]} Rfh8 {[%emt 0:00:00]} 25. Nd4 {[%emt 0:01:00]} Nxd4 26. cxd4 {[%emt 0:00:00]} Kc7 {[%emt 0:03:00]} 27. Kd2 {[%emt 0:00:00]} Kd6 {[%emt 0:01:00]} 28. Ke3 {[%emt 0:00:00]} Ke7 {[%emt 0:01:00]} 29. Rh1 {[%emt 0:00:39]} Kf6 {[%emt 0:00:00]} 30. f4 {[%emt 0:00:08]} Bf7 {[%emt 0:24:50]} 31. Bg4 {[%emt 0:03:03]} Rc8 {[%emt 0:00:00]} 32. Rxd5 {[%emt 0:00:00]} Rg8 {[%emt 0:00:00]} 33. Rg5 {[%emt 0:07:02]} Rxg5 {[%emt 0:00:00]} 34. fxg5+ {[%emt 0:00:00]} Kxg5 {[%emt 0:00:00]} 35. Bf3 {[%emt 0:00:00]} b6 {[%emt 0:00:00]} 36. Ke4 {[%emt 0:00:00]} Rf6 {[%emt 0:00:00]} 37. Rg1+ Kh6 {[%emt 0:00:00]} 38. Rg3 {[%emt 0:02:41]} Rf5 {[%emt 0:12:31]} 39. a3 {[%emt 0:02:48]} Bxh5 {[%emt 0:00:00]} 40. Bxh5 {[%emt 0:00:00]} Rxh5 {[%emt 0:00:00]} 41. Rg8 {[%emt 0:01:29]} Rb5 {[%emt 0:00:00]} 42. b4 {[%emt 0:03:03]} a5 {[%emt 0:00:00]} 43. Kd3 {[%emt 0:01:05]} axb4 44. Kc4 {[%emt 0:00:00]} Rd5 {[%emt 0:00:00]} 45. axb4 {[%emt 0:00:00]} b5+ {[%emt 0:00:00]} 46. Kc3 {[%emt 0:00:00]} Kh7 {[%emt 0:00:00]} 47. Rg2 {[%emt 0:01:30]} e5 {[%emt 0:02:10]} 48. dxe5 {[%emt 0:00:09]} Rxe5 {[%emt 0:00:00]} 49. Kd4 {[%emt 0:00:00]} Rh5 {[%emt 0:00:00]} 50. Re2 {[%emt 0:00:00]} Kg7 {[%emt 0:01:48]} 51. Re5 {[%emt 0:00:43]} Rh4+ {[%emt 0:00:00]} 52. Kc5 {[%emt 0:00:35]} Kf6 {[%emt 0:00:00]} 53. Re2 Rh5+ {[%emt 0:00:00]} 54. Kc6 {[%emt 0:00:00]} Kf7 55. Rc2 {[%emt 0:00:44]} Ke7 {[%emt 0:00:00]} 56. Rc5 Rh8 {[%emt 0:01:43]} 57. Kc7 {[%emt 0:00:39]} Rh4 {[%emt 0:00:00]} 58. Re5+ {[%emt 0:00:00]} Kf6 {[%emt 0:00:00]} 59. Rxb5 {[%emt 0:00:00]} Ke6 {[%emt 0:00:27]} 60. Kb6 {[%emt 0:06:31]} Kd6 {[%emt 0:00:00]} 61. Ka5 {[%emt 0:00:44]} Kc7 {[%emt 0:00:00]} 62. Rc5+ {[%emt 0:00:00]} Kb7 {[%emt 0:00:23]} 63. Rb5+ {[%emt 0:00:37]} Kc7 {[%emt 0:00:00]} 64. Rc5+ {[%emt 0:00:00]} 1/2-1/2

[Event "Cesenatico Open 2019"]
[Site "Cesenatico"]
[Date "2019.09.04"]
[Round "4"]
[White "Paleologu, Vladimir"]
[Black "Schacher, Gerd"]
[Result "0-1"]
[WhiteElo "2105"]
[BlackElo "2311"]
[Annotator "NA"]
[PlyCount "84"]
[EventDate "2019.09.01"]
[EventType "swiss"]
[EventCountry "ITA"]
[SourceTitle "playchess.com"]
[Source "ChessBase"]
[SourceQuality "1"]
[TimeControl "40/6000:900"]

1. e4 {[%emt 0:01:00]} g6 {[%emt 0:00:00]} 2. d4 {[%emt 0:00:00]} Bg7 {[%emt 0:03:00]} 3. Nc3 {[%emt 0:02:00]} d6 {[%emt 0:00:00]} 4. Be3 {[%emt 0:01:00]} a6 5. Qd2 {[%emt 0:01:00]} Nd7 {[%emt 0:00:00]} 6. h4 {[%emt 0:02:00]} Ngf6 {[%emt 0:00:00]} 7. Bh6 {[%emt 0:04:00]} Bxh6 {[%emt 0:19:00]} 8. Qxh6 c5 {[%emt 0:01:00]} 9. dxc5 {[%emt 0:08:00]} Nxc5 {[%emt 0:04:00]} 10. f3 {[%emt 0:01:00]} Be6 {[%emt 0:08:00]} 11. Nge2 {[%emt 0:05:00]} Qa5 12. a3 {[%emt 0:06:00]} Qc7 {[%emt 0:36:00]} 13. O-O-O {[%emt 0:40:00]} O-O-O {[%emt 0:00:00]} 14. Nf4 {[%emt 0:00:00]} Kb8 {[%emt 0:01:00]} 15. g4 {[%emt 0:00:00]} Rc8 {[%emt 0:02:00]} 16. Nxe6 {[%emt 0:00:00]} Nxe6 {[%emt 0:00:00]} 17. Qd2 {[%emt 0:00:00]} h6 {[%emt 0:07:48]} 18. Bd3 {[%emt 0:07:00]} g5 {[%emt 0:00:00]} 19. hxg5 {[%emt 0:00:00]} hxg5 {[%emt 0:00:36]} 20. Nd5 {[%emt 0:03:24]} Nxd5 {[%emt 0:01:15]} 21. exd5 {[%emt 0:00:00]} Nd4 22. Kb1 {[%emt 0:03:35]} Nxf3 {[%emt 0:03:22]} 23. Qe3 Rxh1 {[%emt 0:01:27]} 24. Rxh1 {[%emt 0:06:11]} Ne5 25. Bf5 {[%emt 0:02:04]} Rg8 {[%emt 0:00:00]} 26. Rh5 Qc5 {[%emt 0:01:35]} 27. Qd2 {[%emt 0:02:02]} Nc4 {[%emt 0:07:53]} 28. Qc1 {[%emt 0:02:40]} Qxd5 {[%emt 0:00:00]} 29. Rxg5 {[%emt 0:00:00]} Nd2+ {[%emt 0:00:00]} 30. Qxd2 {[%emt 0:00:00]} Qxd2 {[%emt 0:00:00]} 31. Rxg8+ {[%emt 0:00:00]} Ka7 {[%emt 0:00:00]} 32. Rg7 {[%emt 0:00:00]} e6 {[%emt 0:00:00]} 33. Bd3 {[%emt 0:00:40]} e5 {[%emt 0:01:26]} 34. Rxf7 {[%emt 0:00:46]} e4 {[%emt 0:00:00]} 35. Bc4 {[%emt 0:00:00]} d5 {[%emt 0:00:00]} 36. Bf1 {[%emt 0:00:06]} Qd1+ {[%emt 0:00:00]} 37. Ka2 {[%emt 0:00:00]} Qxg4 {[%emt 0:00:00]} 38. c4 {[%emt 0:00:00]} d4 {[%emt 0:00:00]} 39. Re7 {[%emt 0:00:00]} d3 {[%emt 0:00:00]} 40. c5 {[%emt 0:00:00]} Qg5 {[%emt 0:00:00]} 41. Rc7 {[%emt 0:00:00]} Kb8 {[%emt 0:00:00]} 42. Rd7 {[%emt 0:00:00]} Qf5 {[%emt 0:00:00]} 0-1

[Event "Cesenatico Open 2019"]
[Site "Cesenatico"]
[Date "2019.09.04"]
[Round "4"]
[White "Kacani, Kirk"]
[Black "Medici, Simone"]
[Result "1/2-1/2"]
[WhiteElo "2091"]
[BlackElo "2201"]
[Annotator "NA"]
[PlyCount "137"]
[EventDate "2019.09.01"]
[EventType "swiss"]
[EventCountry "ITA"]
[SourceTitle "playchess.com"]
[Source "ChessBase"]
[SourceQuality "1"]
[TimeControl "40/6000:900"]

1. c4 {[%emt 0:00:00]} b6 {[%emt 0:00:00]} 2. Nf3 {[%emt 0:00:00]} Nf6 {[%emt 0:00:00]} 3. g3 {[%emt 0:00:00]} Bb7 {[%emt 0:01:00]} 4. Bg2 {[%emt 0:00:00]} g6 5. b3 {[%emt 0:02:00]} Bg7 {[%emt 0:04:00]} 6. Bb2 {[%emt 0:00:00]} O-O {[%emt 0:00:00]} 7. O-O {[%emt 0:00:00]} c5 {[%emt 0:04:00]} 8. Nc3 {[%emt 0:10:00]} Nc6 {[%emt 0:03:00]} 9. d4 {[%emt 0:00:00]} Nxd4 {[%emt 0:01:00]} 10. Nxd4 {[%emt 0:00:00]} Bxg2 {[%emt 0:00:00]} 11. Kxg2 {[%emt 0:00:00]} cxd4 {[%emt 0:00:00]} 12. Qxd4 {[%emt 0:00:00]} d6 {[%emt 0:03:00]} 13. Nd5 {[%emt 0:07:00]} Qd7 {[%emt 0:06:00]} 14. e4 {[%emt 0:11:00]} Qb7 {[%emt 0:02:00]} 15. f3 {[%emt 0:00:00]} Rac8 {[%emt 0:04:00]} 16. Rac1 {[%emt 0:02:00]} Rfd8 {[%emt 0:06:00]} 17. Rfd1 {[%emt 0:00:00]} Rc5 {[%emt 0:03:00]} 18. b4 {[%emt 0:30:00]} Rcc8 {[%emt 0:38:00]} 19. Qd2 {[%emt 0:13:00]} Ne8 {[%emt 0:00:00]} 20. Bd4 {[%emt 0:04:00]} e6 {[%emt 0:00:00]} 21. Ne3 {[%emt 0:01:55]} Bh6 {[%emt 0:00:00]} 22. Qe2 {[%emt 0:00:00]} Rd7 {[%emt 0:00:00]} 23. Rc2 {[%emt 0:04:49]} e5 {[%emt 0:00:00]} 24. Ng4 {[%emt 0:04:50]} Bf8 {[%emt 0:00:00]} 25. Bf2 {[%emt 0:00:28]} f5 26. exf5 {[%emt 0:00:01]} gxf5 {[%emt 0:02:00]} 27. Ne3 {[%emt 0:00:00]} Rf7 {[%emt 0:02:00]} 28. Nd5 {[%emt 0:01:35]} Qd7 {[%emt 0:00:00]} 29. c5 {[%emt 0:03:07]} Qa4 {[%emt 0:02:51]} 30. Rdc1 {[%emt 0:02:23]} bxc5 {[%emt 0:00:00]} 31. bxc5 {[%emt 0:00:04]} Rc6 {[%emt 0:09:26]} 32. Rc4 {[%emt 0:00:00]} Qa5 {[%emt 0:01:11]} 33. Nb4 {[%emt 0:01:06]} Rc8 34. cxd6 {[%emt 0:00:01]} Rxc4 {[%emt 0:01:28]} 35. Qxc4 {[%emt 0:00:00]} Nxd6 {[%emt 0:00:00]} 36. Qb3 {[%emt 0:00:00]} e4 37. Nc6 {[%emt 0:00:00]} exf3+ {[%emt 0:03:54]} 38. Qxf3 {[%emt 0:00:03]} Qxa2 {[%emt 0:00:04]} 39. Kh1 {[%emt 0:00:05]} Ne4 40. Bd4 {[%emt 0:00:00]} Bh6 {[%emt 0:00:00]} 41. Ra1 Qd5 {[%emt 0:01:35]} 42. Ra6 {[%emt 0:02:39]} Rc7 {[%emt 0:09:11]} 43. Ra5 {[%emt 0:06:34]} Qxc6 {[%emt 0:00:41]} 44. Rxf5 {[%emt 0:05:17]} Ng5 {[%emt 0:04:36]} 45. Qxc6 {[%emt 0:00:00]} Rxc6 {[%emt 0:00:00]} 46. Bxa7 {[%emt 0:00:00]} Ne4 47. Kg2 {[%emt 0:00:00]} Rc2+ {[%emt 0:00:00]} 48. Kf3 {[%emt 0:00:25]} Nd6 {[%emt 0:00:23]} 49. Rh5 {[%emt 0:00:00]} Nf7 {[%emt 0:00:00]} 50. Bb8 {[%emt 0:00:00]} Kg7 {[%emt 0:00:00]} 51. h4 {[%emt 0:00:02]} Bd2 {[%emt 0:00:05]} 52. Bf4 {[%emt 0:00:01]} Be1 {[%emt 0:00:00]} 53. Rb5 {[%emt 0:00:00]} Rf2+ {[%emt 0:00:00]} 54. Kg4 {[%emt 0:00:00]} Rg2 {[%emt 0:00:00]} 55. Rb7 {[%emt 0:00:00]} Re2 {[%emt 0:00:00]} 56. h5 {[%emt 0:00:00]} Re6 {[%emt 0:00:00]} 57. Kf3 {[%emt 0:00:00]} h6 {[%emt 0:00:00]} 58. Kg4 {[%emt 0:00:00]} Bc3 {[%emt 0:00:00]} 59. Rb3 {[%emt 0:00:00]} Bf6 {[%emt 0:00:00]} 60. Rb7 {[%emt 0:00:00]} Be7 {[%emt 0:00:00]} 61. Rb5 {[%emt 0:00:00]} Nd8 {[%emt 0:00:00]} 62. Re5 {[%emt 0:00:00]} Bf6 {[%emt 0:00:00]} 63. Rxe6 {[%emt 0:00:00]} Nxe6 {[%emt 0:00:00]} 64. Bxh6+ {[%emt 0:00:00]} Kf7 {[%emt 0:00:00]} 65. Bf4 {[%emt 0:00:00]} Nd4 {[%emt 0:00:00]} 66. Be3 {[%emt 0:00:00]} Ne6 {[%emt 0:00:00]} 67. Kf3 {[%emt 0:00:00]} Kg7 {[%emt 0:00:00]} 68. g4 {[%emt 0:00:00]} Bg5 {[%emt 0:00:00]} 69. Ke4 {[%emt 0:00:00]} 1/2-1/2